STATOIL annual report and accounts 2002

Na minha lista:
Detalhes bibliográficos
Formato: Livro
Idioma:inglês
Publicado em: Stavanger Statoil asa 2002
Assuntos:
Tags: Adicionar Tag
Sem tags, seja o primeiro a adicionar uma tag!

MARC

LEADER 00000nam$a2200000$$$4500
001 0024169
005 20240108123822.1
041 0 |a eng 
044 |a NO 
245 1 0 |a STATOIL  |b annual report and accounts 2002 
264 1 |a Stavanger  |b Statoil asa  |c 2002 
300 |a 120 s. 
610 2 0 |a ťažba surovín 
610 2 0 |a nafta 
610 2 0 |a plyn zemný 
610 2 0 |a rafinérie 
610 2 0 |a ropa 
610 2 0 |a petrochémia 
610 2 0 |a riadenie podnikové 
610 2 0 |a stratégia podniková 
610 2 0 |a akcionári 
610 2 0 |a obchod 
610 2 0 |a účtovníctvo finančné 
610 2 0 |a Nórsko